000 00847aam a2200301 i 4500
001 76874001
003 CO-MdFUSB
005 20250519103931.0
007 ta
008 250519t1987 sp |||| |||| 00| 0 spa d
020 _a84-7228-883-8
040 _cCO-MdFUSB
041 0 _aspa
082 0 4 _223
_a248.2
_bS6131c
100 1 _aSimpson, A. B. (Albert B.)
_eautor
245 1 0 _aCómo suple Dios nuestras necesidades
_c/ A. B. Simpson ; traducido por David Muniesa
264 1 _bClie,
_aTerrassa, Barcelona, España :
_c[1987]
264 4 _c©1987
300 _a86 páginas
336 _atexto
_btxt
_2rdacontent
337 _2rdamedia
_asin mediación
_bn
338 _2rdacarrier
_avolumen
_bnc
563 _aRústico
650 0 _aVida cristiana
_919
700 _aMuniesa, David
_911186
_etraductor
942 _cBK
945 _aJTF-925
999 _c35866
_d35866